Problemas de la filosofía de la religión desde América Latina. De la experiencia a la reflexión

Gorde:
Xehetasun bibliografikoak
Egile nagusia: Durán Casas, Vicente (compilador)
Beste egile batzuk: Scannone, Juan Carlos, S.J (autor), Silva, Eduardo (compilador)
Formatua: Liburua
Hizkuntza:ingelesa
Argitaratua: Bogotá, Colombia: Siglo del Hombre Editores, Equipo Jesuita Latinoamericano de Reflexión Filosófica, 2003
Saila:Biblioteca Universitaria. Ciencias Sociales y Humanidades. Filosofía
Gaiak:
Etiketak: Etiketa erantsi
Etiketarik gabe, Izan zaitez lehena erregistro honi etiketa jartzen!

MARC

LEADER 00000nam a22000007a 4500
003 CL-VaPUC
005 20230802145156.0
008 220422b2003 ||||| |||| 00| 0 eng d
999 |c 435475  |d 435473 
020 |a 958-665-058-8 
040 |c Pontificia Universidad Católica de Valparaíso 
082 0 4 |2 22  |a 210.8 DUR 2003 
100 1 |a Durán Casas, Vicente  |9 584300  |e compilador 
245 1 0 |a Problemas de la filosofía de la religión desde América Latina.  |b De la experiencia a la reflexión 
260 |a Bogotá, Colombia:  |b Siglo del Hombre Editores,  |b Equipo Jesuita Latinoamericano de Reflexión Filosófica,  |c 2003 
300 |a 349 páginas 
490 0 |a Biblioteca Universitaria. Ciencias Sociales y Humanidades.   |a Filosofía 
500 |a C1. Donación Facultad de Teología, libro pertenciente a la Profesora Eugenia Colomer (Q.E.P.D). Correo en papel 01/04/2022 
583 |c 20220422  |k Catalogador Asistente 
650 1 |a Filosofía de la religión  |z América Latina  |9 870769 
650 1 |a Iglesia Católica  |x Aspectos filosóficos  |z América Latina  |9 870770 
700 |a Scannone, Juan Carlos,  |c S.J.  |e autor  |9 581828 
700 |a Silva, Eduardo  |e compilador  |9 868724 
942 |2 ddc  |c BK 
952 |0 0  |1 0  |2 ddc  |4 0  |6 210_800000000000000_DUR_2003  |7 0  |8 A  |9 582743  |a BIBTEO  |b BIBTEO  |c GEN  |d 2022-04-22  |e Donación  |i 5650903  |o 210.8 DUR 2003  |p 5650903  |r 2025-01-17  |t 1  |w 2022-04-22  |y BK  |k ICR